Κατάλογος Βιβλιοθηκών Mediterranean College

The Economics of Europe (Record no. 2708)

MARC details
000 -LEADER
fixed length control field 01590cam a22002054a 4500
005 - ΗΜΕΡΟΜΗΝΙΑ ΚΑΙ ΩΡΑ ΤΕΛΕΥΤΑΙΑΣ ΕΝΗΜΕΡΩΣΗΣ
Πεδίο ελέγχου 20250605164051.0
008 - FIXED-LENGTH DATA ELEMENTS--GENERAL INFORMATION
Πεδίο ελέγχου σταθερού μήκους 250528s ||||||||||||||||||||||||d
035 ## - SYSTEM CONTROL NUMBER
System control number 17280
020 ## - ISBN
ISBN 33351632
040 ## - ΠΗΓΗ ΚΑΤΑΛΟΓΟΓΡΑΦΗΣΗΣ
Φορέας πρωτότυπης καταλογογράφησης MC Athens Campus Library
Γλώσσα καταλογογράφησης Ελληνικά, Μοντέρνα (1453-)
Modifying agency MC Athens Campus Library
Κανόνες περιγραφικής καταλογογράφησης AACR2
245 1# - ΤΙΤΛΟΣ ΚΑΙ ΔΗΛΩΣΗ ΥΠΕΥΘΥΝΟΤΗΤΑΣ
Τίτλος The Economics of Europe
260 ## - PUBLICATION, DISTRIBUTION, ETC.
Date of publication, distribution, etc. 1994
300 ## - PHYSICAL DESCRIPTION
Extent 364
520 ## - SUMMARY, ETC.
Summary, etc. This is a comprehensive and clearly written text dealing with both the general theoretical basis of customs and monetary unions and the development and operation of the institutions and policies of the European community. Preface, The Framework, Britain and Europe, The Evolving Community, Institutions: Council and Court, Institutions: Commission and Parliament, The Theory of Economic Integration, The Economics of Integration, Trade Creation and Trade Diversion, Scale and Externalities, Terms of Trade and Dynamics Effects, Testing the Theory, The Impact on Britain, Microeconomic Policies, Competition Policy, Industrial Policy, The Birth of the Common Agricultural Policy, The Life of the Common Agricultural Policy, The Common Fisheries Policy, Transport Policy, Energy Policy, Social and Environmental Policy, Tax Harmonization, Macroeconomic Policies, The Community Budget, European Monetary Union - The Theory, The European Monetary System, Regional Policy, Commercial Policy - Friends and Neighbors, Commercial Policy - The World at Large, Conclusion, 1992 and All That, Statistical Appendix, Author and Subject Index.
700 1# - ΠΡΟΣΘΕΤΗ ΑΝΑΓΡΑΦΗ--ΦΥΣΙΚΟ ΠΡΟΣΩΠΟ
Personal name Macmillan
9 (RLIN) 736
700 1# - ΠΡΟΣΘΕΤΗ ΑΝΑΓΡΑΦΗ--ΦΥΣΙΚΟ ΠΡΟΣΩΠΟ
Personal name Nevin Edward
9 (RLIN) 3439
942 ## - ADDED ENTRY ELEMENTS (KOHA)
Koha item type Books
Holdings
Τύπος τεκμηρίου Βιβλιοθήκη Τρέχουσα τοποθεσία Barcode Αριθμός εισαγωγής Ημερομηνία απόκτησης Ταξιθετικό σύμβολο Αριθμός αντιτύπου Κατάσταση απόσυρσης Κατάσταση χαμένου Κατάσταση κατεστραμμένου Μη δανεισμός Σύνολο δανεισμών Ημερομηνία τελευταίας εμφάνισης Η τιμή ισχύει από
Books MC Athens Campus Library MC Athens Campus Library 9780000027078 9455 05/06/2025 337.142 NEV 1           05/06/2025 05/06/2025

MC Athens Campus Library
Πατησίων 94 & Κοδριγκτώνος 13, 104 34
Πελλήνης 8 & Πατησίων 107, 112 51
Τ: +30 210 8899600

MC Thessaloniki Campus Library
Ίωνος Δραγούμη 21, 54625 | Ίωνος Δραγούμη 15, 54625
Τ: +30 2310 287779 – Τ: +30 2314 440300